Профессиональное образование и воспитание творчеством; Инженерное образование; № 4

Opis bibliograficzny
Parent link:Инженерное образование: электронный научный журнал/ Ассоциация инженерного образования России (АИОР).— : [Б. и.], 2003-.— 1810-2883
№ 4.— 2007.— [С. 96-99]
1. autor: Стаценко Л. Г. Любовь Григорьевна
Kolejni autorzy: Бубновский А. Ю. Антон Юрьевич, Бернавская М. В. Майя Владимировна
Streszczenie:Заглавие с титульного листа
В статье обсуждаются некоторые вопросы использования средств массовой информации Дальневосточного государственного технического университета (ДВГТУ) в образовательном процессе. Проанализирован опыт шестилетней работы научно-учебных станций кафедры радио, телевидения и связи университета со студентами разных специальностей.
Various aspects of using Campus Media of Far Eastern Technical University in the educational process are discussed in the article. The six-year experience of running the scientific-training station of the telecommunication department of the university and working with the students of different majors is analysed.
Język:rosyjski
Wydane: 2007
Seria:Инновационные подходы к подготовке специалистов в сфере техники и технологий
Hasła przedmiotowe:
Dostęp online:https://old.aeer.ru/files/io/m4/art_12.pdf
Format: Elektroniczne Rozdział
KOHA link:https://koha.lib.tpu.ru/cgi-bin/koha/opac-detail.pl?biblionumber=507093

MARC

LEADER 00000naa2a2200000 4500
001 507093
005 20250520152630.0
035 |a (RuTPU)RU\TPU\prd\178235 
035 |a RU\TPU\prd\178198 
090 |a 507093 
100 |a 20130521d2007 k y0rusy50 ca 
101 0 |a rus 
102 |a RU 
135 |a drnn ---uucaa 
181 0 |a i  
182 0 |a b 
200 1 |a Профессиональное образование и воспитание творчеством  |b Электронный ресурс  |f Л. Г. Стаценко, А. Ю. Бубновский, М. В. Бернавская 
203 |a Текст  |c электронный 
215 |a 1 файл (389 Кб) 
225 1 |a Инновационные подходы к подготовке специалистов в сфере техники и технологий 
230 |a Электронные текстовые данные (1 файл : 389 Кб) 
300 |a Заглавие с титульного листа 
320 |a [Библиогр.: с. 99 (2 назв.)] 
330 |a В статье обсуждаются некоторые вопросы использования средств массовой информации Дальневосточного государственного технического университета (ДВГТУ) в образовательном процессе. Проанализирован опыт шестилетней работы научно-учебных станций кафедры радио, телевидения и связи университета со студентами разных специальностей. 
330 |a Various aspects of using Campus Media of Far Eastern Technical University in the educational process are discussed in the article. The six-year experience of running the scientific-training station of the telecommunication department of the university and working with the students of different majors is analysed. 
337 |a Adobe Reader 
461 1 |0 (RuTPU)RU\TPU\prd\176632  |x 1810-2883  |t Инженерное образование  |o электронный научный журнал  |f Ассоциация инженерного образования России (АИОР)  |n [Б. и.]  |d 2003- 
463 1 |0 (RuTPU)RU\TPU\prd\177766  |t № 4  |v [С. 96-99]  |d 2007 
601 0 2 |a Дальневосточный государственный технический университет (ДВГТУ)  |c (Владивосток)  |2 stltpush  |3 (RuTPU)RU\TPU\col\425 
610 1 |a профессиональное образование 
610 1 |a образовательный процесс 
610 1 |a средства массовой информации 
610 1 |a СМИ 
610 1 |a использование 
610 1 |a творчество 
610 1 |a воспитание 
610 1 |a специалисты 
610 1 |a подготовка 
610 1 |a электронный ресурс 
700 1 |a Стаценко  |b Л. Г.  |g Любовь Григорьевна 
701 1 |a Бубновский  |b А. Ю.  |g Антон Юрьевич 
701 1 |a Бернавская  |b М. В.  |g Майя Владимировна 
801 1 |a RU  |b 63413507  |c 20090623  |g PSBO 
801 2 |a RU  |b 63413507  |c 20130521  |g PSBO 
856 4 |u https://old.aeer.ru/files/io/m4/art_12.pdf 
942 |c BK